000 00482cam a2200193ua 4500
041 _aeng
_h
082 _a954
_bMAJ/AD
100 _aMajumdar, R C.
245 _aAdvanced history of India /
_cR C Majumdar.
_hTextual Documents
250 _a2 /
_b.
260 _aLondon :
_bMcMillon & Co Ltd ,
_c1965.
300 _a1122 ; .
504 _a
700 1 _aKalikinkar , Datta .
700 1 _aRaychaudhuri, H C .
942 _cBK
999 _c9228
_d9228